000 01642 a2200325 4500
001 45769
005 20260407155729.0
008 260407a1984 arg spa d
003 AR-UNSa-BCEJYS
040 _aAR-UNSa-BCEJYS
_bspa
_cAR-UNSa-BCEJYS
080 _a330.101.542
_xMicroeconomía
245 1 0 _aMicroeconomía
020 _a978-84-206-8089-7
264 1 _aMadrid :
_bAlianza Editorial
_c1984
300 _a664 p.
_c23 cm.
505 _a1. La naturaleza y el ámbito de la microeconomía – 2. Optimización – 3. La teoría del consumidor – 4. La teoría del consumidor: desarrollos y aplicaciones – 5. Modelos alternativos de comportamiento del consumidor – 6. La empresa – 7. Producción – 8. Costes – 9. Oferta – 10. La teoría de los mercados competitivos – 11. Monopolio – 12. Oligopolio – 13. Teorías alternativas de la empresa – 14. Mercados de factores productivos – 15. Inversión y consumo a lo largo del tiempo – 16. Equilibrio general – 17. Economía del bienestar – 18. Fallos de mercado y segundo optimo – 19. Elección en condiciones de incertidumbre – 20. Intercambio en condiciones de incertidumbre -
041 _aspa
942 _cBK
590 _aniveau_biblio:m niveau_hierar:0
100 1 _aGravelle, Hugh
700 1 _aRees, Ray
700 1 _aAndrés, Javier
700 1 _aCaballero, Francisco
700 1 _aOrti, Angel
700 1 _aSoria, Rosa
700 1 _aCarbajo, José Carlos
700 1 _aEsteve, Fernando
700 1 _aPeraita, Carlos
856 4 1 _uhttps://www.biblioeco.unsa.edu.ar/pmb/images/libros/L127171.jpg
_yImagen de portada
_qimage/jpeg
999 _c3989
_d3989